Obálka Náhled e-knihy:
PDF Epub
Pro půjčování e-knih musíte být přihlášeni.
Jak si půjčit online?

Pokusy o močení /

Nepočetná autorova povídková tvorba z let 1990–2001 obsahuje krátké texty sahající od meditativních úvah přes kafkovsky laděné vize až po bizarní hříčky. To vše často s notnou dávkou černého humoru a absurdit. Úryvek:„Její překrásné dlouhé nohy končily příliš vysoko. Tak vysoko, že ani nedohlédl k m...

Celý popis

Uloženo v:
Hlavní autor: Rynt, Milan (Autor)
Médium: E-kniha
Jazyk:Czech
Vydáno: Praha : E-knihy jedou, 2015
Tagy:
Žádné tagy
LEADER 02048nam a22002297i 4500
001 295623
007 ta
008 260407s2015 xr ||||| |||| 00| 0 cze d
020 |a 9788075121943 
044 |a xr 
100 1 |a  Rynt, Milan  |4 aut 
245 1 0 |a Pokusy o močení /  |c  Rynt, Milan 
264 1 |a Praha :  |b E-knihy jedou,  |c 2015 
300 |a 1 online zdroj (78 stran) 
336 |a text  |b txt  |2 rdacontent 
337 |a bez média  |b n  |2 rdamedia 
338 |a online zdroj  |b cr  |2 rdacarrier 
520 2 |a Nepočetná autorova povídková tvorba z let 1990–2001 obsahuje krátké texty sahající od meditativních úvah přes kafkovsky laděné vize až po bizarní hříčky. To vše často s notnou dávkou černého humoru a absurdit. Úryvek:„Její překrásné dlouhé nohy končily příliš vysoko. Tak vysoko, že ani nedohlédl k místu, kde přecházely v klín. Bránila mu v tom hrana postele, pod kterou ležel. Přesněji řečeno, pod kterou ležela jeho hlava.“ Milan Rynt se narodil 12.7.1971. Žije v Kralupech nad Vltavou, v místě svého rodiště. Jako básník poprvé představen veřejnosti v recitačním pořadu Mirka Kováříka Zelené peří v Malostranské besedě v roce 1990. Publikoval v literárním časopise Tvar a v časopise české Mensy. V roce 1993 vyšla v nakladatelství Mladá fronta jeho básnická prvotina Ani jeden šimpanz. Kromě literární tvorby se věnuje také kreslení a malování. Ilustroval několik knižních titulů pro nakladatelství Maťa. V roce 2000 se uskutečnila jeho první samostatná výstava s názvem Obrazy a poezie. 
910 |a RBIT002 
998 |d 153345  |a https://core.palmknihy.cz/api/books/153345/cover?ksc0b1  |b https://core.palmknihy.cz/api/books/153345/cover/400?yzsv9a  |c https://core.palmknihy.cz/api/books/153345/cover/50?35sd62  |e   |g 78  |i 9788075121943  |j https://core.palmknihy.cz/api/books/153345/preview.epub  |k https://core.palmknihy.cz/api/books/153345/preview.pdf  |l   |q 49  |r 1  |s https://www.palmknihy.cz/kniha/153345  |t ebook  |y 2015  |z 1 
999 |d 295621